000 00985nam a22002537a 4500
005 20170124103025.0
010 _aA-576985
020 _c50.00
035 _aA-576985
037 _bCen Lib/Ret
040 _aDPL
_bHN
082 _a
_bशुक्लासा
100 _aशुक्ला, साधना
_961752
245 _aअग्नि के परिवृत्त /
_cसाधना शुक्ला
246 _aAgni ke parivritt /
_bby Sadhna Shukla
260 _aकानपुर
_bआराधना ब्रदर्स
_c1992
270 _a124/152 सी. गोविन्दनगर
_bकानपुर
_e208006
300 _a72पृ.
_c21सेमी (सजिल्द)
650 _aहिन्दी -- साहित्य
_961753
650 _aहिन्दी -- कहानी
_9779
650 _aHindi -- Literature
_961754
650 _aHindi -- Story
_943117
942 _2ddc
_cHN
_h
_mशुक्लासा
999 _c115511
_d115511